=LDR 00000nam 2200000 4500 =001 001078 =005 20250713093103 =035 ##$$a 0010-0725000959 =007 ta =008 250713################a##########0#ind## =020 ##$$a 978-602-437-271-2 =082 ##$$a 398.209 598 =084 ##$$a 398.209 598 ABA t =100 #$$a Angesom Abadi =245 1#$$a Tiga Kotak Harta Warisan /$c Angesom Abadi =250 ##$$a Cetakan Kedua =260 ##$$a Rawamangun :$b Badan Pengembangan dan Pembinaan Bahasa,$c 2022 =300 ##$$a 20 hlm. : $b Ilus. ; $c 21 cm. =650 #4$$a Cerita Anak Indonesia - Terjemahan =650 #4$$a Literasi - Bahan bacaan =856 ##$$a TBM AS SUHADA